Výkaz peněžných toků. 2

Štruktúra výkazu a zostavovanie výkazu a jeho príloh. Plánovanie a rozpočtovanie peňažných tokov. Využitie peňažných tokov pri hodnotení investícií. Krátky anglický slovníček.

Salvato in:
Dettagli Bibliografici
Autore principale: Schroll, R.
Natura: Capitolo di libro
Lingua:ceco
Soggetti:
Tags: Aggiungi Tag
Nessun Tag, puoi essere il primo ad aggiungerne!!

MARC

LEADER 00000naa a2200000 4500
001 r011835
005 20220831091035.9
041 0 |a cze 
044 |a [CS] 
245 1 0 |a Výkaz peněžných toků. 2  |c R. Schroll 
520 |a Štruktúra výkazu a zostavovanie výkazu a jeho príloh. Plánovanie a rozpočtovanie peňažných tokov. Využitie peňažných tokov pri hodnotení investícií. Krátky anglický slovníček. 
610 2 0 |a výkazy účtovné 
610 2 0 |a podnik 
610 2 0 |a hospodárenie finančné 
610 2 0 |a prostriedky peňažné 
610 2 0 |a investície 
100 1 |a Schroll, R.